000 00377nam a2200145Ia 4500
008 210210b1962 xxu||||| |||| 00| 0 eng d
082 _a813.01 FIEP
100 _aFIEDLER (Leslie A).
245 _aPull down vaniety & other stories.
260 _aN Y
_bJ B Lippincott Co.,
_c1962
300 _a249
650 _aStories
690 _aAmerican English Fiction
906 _a042312
999 _c91863
_d91863